| 000 | 00971 a2200181 4500 | ||
|---|---|---|---|
| 003 | Nust | ||
| 005 | 20221012180657.0 | ||
| 040 | _cNust | ||
| 082 | _a541,MEE | ||
| 100 |
_aMee.A J _9100065 |
||
| 245 |
_aPhysical chemistry _cA J Mee |
||
| 250 | _a3rd ,4th and6th ed | ||
| 260 |
_bThe english Language society _aLondon _c1951. |
||
| 300 | _a719:p | ||
| 505 | _aLaw of Chemical Combinations (Page-1), Atomic Structure –I (Page-38), Atomic Structure –II (Page-103), Valency (Page-135), Thermodynamic –I (Page-166), Thermodynamic –II (Page-182), Gases (Page-206), The Solid State (Page-235), Liquids (Page-287), Chemical Equilibrium (Page-341), The Phase Rule (Page-359), Solutions (Page-379), Dilute Solutions (Page-439), Equilibrium in Electrolyte Solutions (Page-502), Electromotive Force (Page-544), Chemical Kinetics (Page-566), Catalysis (Page-630), Photochemistry (Page-642). | ||
| 650 |
_aPhysical chemistry _961323 |
||
| 942 |
_2ddc _cBK |
||
| 999 |
_c183431 _d183431 |
||